Geography Quiz

Random Geography or State Quiz

States That Border Nevada Quiz Stats

Quiz Updated Sep 13, 2017

Challenge
Share
Tweet
Embed
Score 0/5 Timer 00:30
7 Plays Today
% Correct
California
98.6%
Arizona
93.6%
Utah
90.3%
Oregon
74.9%
Idaho
73.8%

You're not logged in!

Compare scores with friends on all Sporcle quizzes.
Sign Up with Email
OR
Log In

You Might Also Like...

Show Comments

Extras

Top Quizzes Today


Score Distribution

Your Account Isn't Verified!

In order to create a playlist on Sporcle, you need to verify the email address you used during registration. Go to your Sporcle Settings to finish the process.